书目信息 |
| 题名: |
世界艺术史话—世界雕塑史话
|
|
| 作者: | 李勇 | |
| 分册: | ||
| 出版信息: | 北京 国际文化出版公司 2000 |
|
| 页数: | 206页 | |
| 开本: | 20cm | |
| 丛书名: | ||
| 单 册: | ||
| 中图分类: | J30 | |
| 科图分类: | ||
| 主题词: | 雕塑理论 | |
| 电子资源: | ||
| ISBN: | 7-80105-753-8 | |
| 000 | 00520nam0 2200181 450 | |
| 001 | 0728815141 | |
| 005 | 20070819080015.14 | |
| 010 | @a7-80105-753-8@d¥16.00 | |
| 100 | @a20070819d km y0chiy0120 ea | |
| 101 | 0 | @achi |
| 200 | 1 | @a世界艺术史话—世界雕塑史话@Ashi jie yi shu shi hua—shi jie diao su shi hua@f李勇@Fli yong |
| 210 | @a北京@c国际文化出版公司@d2000 | |
| 215 | @a206页@d20cm | |
| 606 | 0 | @a雕塑理论 |
| 690 | @aJ30@v3 | |
| 701 | 0 | @a李勇@Ali yong |
| 801 | 0 | @aCN@bPFT@c20070819 |
| 905 | @a213230@dJ30@eZW76@f1 | |
| 世界艺术史话—世界雕塑史话/李勇.-北京:国际文化出版公司,2000 |
| 206页;20cm |
| ISBN 7-80105-753-8:¥16.00 |
| ● |
| 相关链接 |
|
|
|
|
正题名:世界艺术史话—世界雕塑史话
索取号:J30/ZW76
 
预约/预借
| 序号 | 登录号 | 条形码 | 馆藏地/架位号 | 状态 | 备注 |
| 1 | 7614811 | 276148116 | 密集书库-文学院/ [索取号:J30/ZW76] | 在馆 |